| 000 | 00692cam a2200217 a 4500 | ||
|---|---|---|---|
| 001 | 000002359 | ||
| 005 | 20200929150204.0 | ||
| 008 | 750214s1974 caua b 001 0 eng | ||
| 020 | _a0804708738 | ||
| 040 |
_aDO-SdBNP _bspa _cBNPHU |
||
| 082 |
_ann. _bS642a |
||
| 100 | 1 |
_aSmith, Robert John, _d1963- _97493 |
|
| 245 | 1 | 0 |
_aAncestor worship in contemporary Japan / _cRobert J. Smith. |
| 260 |
_aStanford, Calif. : _bStanford University Press, _c1974. |
||
| 300 |
_aix, 266 p. : _bil. ; _c24 cm. |
||
| 500 | _aErrata slip inserted. | ||
| 500 | _aIncluye índice. | ||
| 504 | _aBibliografía: p. 247-258. | ||
| 650 | 0 |
_aAncestor worship _zJapan. _97494 |
|
| 910 | _aCatalogación por copia / LC | ||
| 999 |
_c2201 _d2201 |
||